Normal view
MARC view
- ISLAM-BIOGRAPHY-S.ATTA ULLAH SHAH BOKHARI ATTA ULLAH SHAH BOKHARI-BIOGRAPHY
Entry Topical Term
001 - CONTROL NUMBER
- control field: 79427
003 - CONTROL NUMBER IDENTIFIER
- control field: NUST
005 - DATE AND TIME OF LATEST TRANSACTION
- control field: 20210628210436.0
008 - FIXED-LENGTH DATA ELEMENTS
- fixed length control field: 210628|| aca||aabn | a|a d
040 ## - CATALOGING SOURCE
- Original cataloging agency: NUST
- Transcribing agency: NUST
150 ## - HEADING--TOPICAL TERM
- Topical term or geographic name entry element: ISLAM-BIOGRAPHY-S.ATTA ULLAH SHAH BOKHARI ATTA ULLAH SHAH BOKHARI-BIOGRAPHY
670 ## - SOURCE DATA FOUND
- Source citation: Work cat.: (NUST): Shoras Kashmiri. Kashmiri., Shoras 79426, Syed atta ullah shah bokhari sovanay wa afkar, 1998
